Central Library OPAC University of Rajshahi

Britain and the British people / (Record no. 24296)

MARC details
000 -LEADER
fixed length control field 00891nam a22002771 4500
001 - CONTROL NUMBER
control field 24296
003 - CONTROL NUMBER IDENTIFIER
rucl marc code BD-RjUL
005 - DATE AND TIME OF LATEST TRANSACTION
control field 20211209001031.0
008 - FIXED-LENGTH DATA ELEMENTS--GENERAL INFORMATION
fixed length control field 140313s19521942enka 001 0 eng c
035 ## - SYSTEM CONTROL NUMBER
System control number (BD-RjUL)24362
System control number (OCoLC)1540688
040 ## - CATALOGING SOURCE
Original cataloging agency Harvard Univ. Library
Transcribing agency FJ
Modifying agency OCoLC
-- VtU
-- WU
-- DLC
-- BD-RjUL
Language of cataloging eng
041 ## - LANGUAGE CODE
Language code of text/sound track or separate title eng
082 00 - DEWEY DECIMAL CLASSIFICATION NUMBER
Edition number 20
Classification number 942
Author mark and year BAB 1952
100 1# - MAIN ENTRY--PERSONAL NAME
Personal name Barker, Ernest,
Dates associated with a name 1874-1960.
9 (RLIN) 5429
245 10 - TITLE STATEMENT
Title Britain and the British people /
Statement of responsibility, etc. by Ernest Barker.
260 ## - PUBLICATION, DISTRIBUTION, ETC. (IMPRINT)
Place of publication, distribution, etc. London ;
-- New York :
Name of publisher, distributor, etc. Oxford University Press,
Date of publication, distribution, etc. 1942 [IMPRESSION 1952].
300 ## - PHYSICAL DESCRIPTION
Pagination 141 p. :
Illustrations illus., diagr.
Size 20 cm.
490 0# - SERIES STATEMENT
Series statement The World to-day
504 ## - BIBLIOGRAPHY, ETC. NOTE
Bibliography, etc Includes index.
651 #0 - SUBJECT ADDED ENTRY--GEOGRAPHIC NAME
Geographic name Great Britain
General subdivision Civilization.
9 (RLIN) 74828
Geographic name Great Britain
General subdivision Politics and government.
9 (RLIN) 74829
942 ## - ADDED ENTRY ELEMENTS (KOHA)
Source of classification or shelving scheme Dewey Decimal Classification
Koha item type Books
Holdings
Lost status Source of classification or shelving scheme Damaged status Not for loan Collection code Permanent Location Current Location Shelving location Date acquired Source of acquisition Cost, normal purchase price Total Checkouts Full call number Date last seen Copy number Koha item type
  Dewey Decimal Classification   Added to bundle Non-fiction Central Library, University of Rajshahi Central Library, University of Rajshahi Reading Room 25/06/1955 O. U. P. 4.36   942 BAB 1952 13/03/2014 C-1 Books